00905nam a2200193 a 450000100100000000500170001000800410002704000250006808200150009310000400010824501030014826000690025130000200032050001170034050000420045704900090049995201860050899900170069400003184220200930063225.0110526s1973 dr 000 | spa d aDO-SdBNPbspacBNPHU axxxbH519p1 aHenríquez V., Francisco A.95804510aLos primeros esclavos negros y rebeldes cimarrones en la Española /cFrancisco A. Henríquez V. aSanto Domingo :bUniversidad Autónoma de Santo Domingo,c1973. a21 p. ;c28 cm. aI coloquio sobre la presencia de África en las Antillas y en el Caribe del 26 de julio al 4 de agosto de 1973. aIncluye referencias bibliográficas. aBNPD 001050718RVaPDbPDcCTd2011-07-06iLF1l0oxxx H519pp31842-10r2020-06-25w2020-06-25y1zPerteneció a la biblioteca personal de Aída Cartagena Portalatín.ZNo se presta c31334d31334